1984 : (Record no. 27435)
[ view plain ]
| 000 -الفاتح | |
|---|---|
| حقل البيانات ثابتة الطول | 01787nam a22002775a 4500 |
| 003 - محدد رقم الضبط | |
| رقم الضبط | EG-ScBUE |
| 005 - وقت وتاريخ اخر تعامل مع التسجيلة | |
| رقم الضبط | 20190505150026.0 |
| 008 - عناصر البيانات ثابتة الطول - معلومات عامة | |
| حقل البيانات ثابتة الطول | 190505s2018 ua gr 000 f ara d |
| 017 ## - رقم الإيداع القانونى | |
| رقم الإيداع القانونى | 2015 / 13806 |
| 020 ## - الرقم الدولى المعيارى للكتب | |
| الرقم الدولى المعيارى للكتاب | 9789773768998 |
| 040 ## - مصدر الفهرسة | |
| وكالة الفهرسة الأصلية | EG-ScBUE |
| لغة الفهرسة | ara |
| وكالة النسخ | EG-ScBUE |
| وكالة التعديل | EG-ScBUE |
| 082 04 - رقم تصنيف ديوى العشرى | |
| رقم التصنيف | 823.912 |
| رقم المادة | أ و ر |
| رقم الطبعة | 22 |
| 100 1# - المدخل الرئيسى - إسم شخصى | |
| الإسم الشخصى | أورويل، جورج، |
| التواريخ المصاحبة للاسم | 1903-1950. |
| 245 10 - بيان العنوان | |
| العنوان | 1984 : |
| بقية العنوان | رواية / |
| بيان المسئوليه,etc | بقلم جورج أورويل ؛ ترجمة يارا سميح شعاع ؛ المراجعة اللغوية والتدقيق طه عبد الرؤوف سعد. |
| 246 3# - العنوان الموازى | |
| عنوان صحيح/عنوان مختصر | ألف وتسعمائة وأربعة وثمانين : |
| بقية العنوان | رواية |
| 250 ## - بيان الطبعة | |
| بيان الطبعة | ط. 3. |
| 260 ## - PUBLICATION, DISTRIBUTION, ETC. (IMPRINT) | |
| مكان الناشر او الموزع | دمشق ؛ |
| -- | القاهرة : |
| اسم الناشر او الموزع | دار الكتاب العربي، |
| تاريخ النشر أو التوزيع | 2018. |
| 300 ## - الوصف المادى | |
| التعداد | 336 ص. ؛ |
| أبعاد الوعاء | 22 سم. |
| 520 ## - التبصرة الخاصة بالتعليق أو التلخيص | |
| ملخص,الخ | الرواية التي صورت بطريقة تنبؤية مجتمعا شموليا يخضع لدكتاتورية فئة ، تحكم باسم "الأخ الكبير" الذي يمثل الحزب الحاكم ، ويبنى سلطته على القمع والتعذيب وتزوير الوقائع والتاريخ ، باسم الدفاع عن الوطن والبروليتاريا. حزب يحصي على الناس أنفاسهم ويحوّل العلاقات الأنسانية والحب والزواج والعمل والأسرة إلى علاقات مراقبة تجرد الناس من أي تفرد وتخضعهم جميعا لنظام واحد ، لا ينطبق على مسؤولي الحزب. |
| 650 #7 - المدخل الاضافى بالموضوع-مصطلح موضوعى | |
| مصطلح موضوعي أو اسم جغرافي كعنصر مدخل | القصص الإنجليزية |
| التقسيم الفرعي الزمني | قرن 20. |
| مصدر الرأس أو المصطلح | BUEsh |
| 651 ## - المدخل الاضافى بالموضوع - اسم جغرافى | |
| مصدر الرأس أو المصطلح | BUEsh |
| 653 ## - مصطلح تكشيفى غير مقيد | |
| Resource For college | Humanities: English |
| -- | Generalities |
| Arrived date list | May2019 |
| 700 1# - المدخل الاضافى - اسم شخصى | |
| الإسم الشخصى | شعاع، يارا سميح، |
| الدور | مترجم. |
| 700 1# - المدخل الاضافى - اسم شخصى | |
| الإسم الشخصى | سعد، طه عبد الرؤوف، |
| الدور | مدقق لغوي. |
| 942 ## - عناصر المدخل الإضافي( كوها) | |
| مصدر التصنيف او مخطط الترفيف | Dewey Decimal Classification |
| حالة التراجع | حالة الفقد | مصدر التصنيف او خطة الترفيف | حالة تلف | ليس للاعارة | مجموعات كوها | المكان الدائم | المكان الحالي | موقع الترفيف | تاريخ الاكتساب | Source of acquisition | سعر الشراء الطبيعي | تعداد مسلسل / التسلسل الزمني | رقم الاستدعاء | الباركود | Date last checked out | Date last seen | مُعار | التكلفة | نوع الوعاء |
|---|---|---|---|---|---|---|---|---|---|---|---|---|---|---|---|---|---|---|---|
| Dewey Decimal Classification | Alahram | Central Library | Central Library | Second Floor | 05/05/2019 | Purchase | 60.00 | 529 | 823.912 أ و ر | 000044638 | 09/10/2021 | 26/07/2021 | 26/07/2021 | 75.00 | Book - Borrowing |